Novela zákona o veľkej privatizácii. 4

Kupónová privatizácia. Dispozície s majetkom podnikov. Vylúčenie uplatnenia predkupného práva. Uspokojenie reštitučných nárokov. Speňaženie vecí likvidovaných podnikov. - Záverečná časť príspevku venovaného zmenám a doplnkom novely zákona o veľkej privatizácii.

Guardado en:
Detalles Bibliográficos
Autor principal: Kolaříková, M.
Formato: Capítulo de libro
Lenguaje:eslovaco
Materias:
Etiquetas: Agregar Etiqueta
Sin Etiquetas, Sea el primero en etiquetar este registro!

MARC

LEADER 00000naa a2200000 4500
001 r015416
005 20221213114618.1
041 0 |a slo 
044 |a SK 
245 1 0 |a Novela zákona o veľkej privatizácii. 4  |c M. Kolaříková 
520 |a Kupónová privatizácia. Dispozície s majetkom podnikov. Vylúčenie uplatnenia predkupného práva. Uspokojenie reštitučných nárokov. Speňaženie vecí likvidovaných podnikov. - Záverečná časť príspevku venovaného zmenám a doplnkom novely zákona o veľkej privatizácii. 
610 2 0 |a privatizácia 
610 2 0 |a zákony 
610 2 0 |a Slovensko 
610 2 0 |a 1994 
100 1 |a Kolaříková, M.